000 00523nmm a2200169Ia 4500
008 251105s9999||||xx |||||||||||||||||und||
020 _a9788497426589
041 _aspa
100 _aBlasco, Eusebio
245 0 _aMadrid por dentro y por fuera :
_b Guía de forasteros incautos
264 _a[Madrid, España] :
_bBiblioteca Nueva,
_c2008
300 _a512 páginas
490 _aClásicos de Biblioteca Nueva
650 _aGeography (General)
856 _uhttps://public.digitaliapublishing.com/a/5384
942 _cCF
999 _c90326
_d90326